Clases de literatura : berkely, 1980 /
Guardado en:
| Autor Principal: | |
|---|---|
| Otros Autores: | |
| Formato: | Libro |
| Publicado: |
Buenos Aires :
Alfaguara,
2014
|
| Series: | Biblioteca Cortázar
|
| Materias: | |
| Etiquetas: |
Agregar Etiqueta
Sin Etiquetas, Sea el primero en etiquetar este registro!
|
| LEADER | 01503nam a22002535a 4500 | ||
|---|---|---|---|
| 001 | CEM.cems018325 | ||
| 005 | 20140717114318.0 | ||
| 008 | 130507s2014##################000#0#####d | ||
| 003 | CEMS | ||
| 020 | |a 9789870433668 | ||
| 082 | 0 | 4 | |a A864.4 |
| 100 | 1 | |a Cortázar, Julio | |
| 245 | 1 | 0 | |a Clases de literatura : |b berkely, 1980 / |c Julio Cortázar ; edición de Carles Alvarez Garriga |
| 260 | |a Buenos Aires : |b Alfaguara, |c 2014 | ||
| 300 | |a 304 p. | ||
| 490 | 0 | |a Biblioteca Cortázar | |
| 500 | |a En la cima de su carrera y después de años de negativa, Julio Cortázar acepta dar un curso universitario en los Estados Unidos. Como cabía esperar, no se tratará de conferencias magistrales sino de una serie de charlas sobre literatura, y sobre todo a cerca de su experiencia de escritor y la génesis de su obra. | ||
| 505 | 0 | |a Los caminos de un escritor -- El cuento fantástico I, el tiempo -- El cuento fantástico II, la fatalidad -- El cuento realista -- Musicalidad y humor en la literatura -- Lo lúdico en la literatura y la escritura de Rayuela -- De Rayuela, Libro de Manuel y Fantomas contra los vampiros multinacionales -- Erotismo y literatura -- La literatura latinoamericana de nuestro tiempo -- Realidad y literatura -- Con algunas inversiones necesarias de valores | |
| 653 | |a Literatura | ||
| 653 | |a Literatura argentina | ||
| 653 | |a Ensayo | ||
| 653 | |a Ensayo argentino | ||
| 700 | 1 | |a Alvarez Garriga, Carles, ed. | |
| 859 | |a CEMS |b BIB. CEMS - Agricultura |h A864.4 |i C891 |p A2160.14 |t Ej.1 | ||
